00506nam a2200169Ia 4500003000900000005001700009008004100026040003100067040001300098041000800111100002200119245003800141260004400179300001700223490001900240520007700259IT-RoPAU20220918175928.0120407s9999 xx 000 0 und d aIT-RoPAUc20130625104154.0 cIT-RoPAU aita aCasillo Pasquale  aL’Addolorata è Corredentrice? aRoncade (Treviso)bGrafiche Diproc1991 a81 p.c21 cm aEdizioni Segno aIndice Prefazione Prima parte: Addolorata Seconda parte: Corredentrice?